| 000 | 01538cam a2200397 i 4500 | ||
|---|---|---|---|
| 001 | 25125 | ||
| 003 | Mx-PuUPA | ||
| 005 | 20250625092340.0 | ||
| 008 | 140415s2001 sp a gr 000 0 spa d | ||
| 017 | _aP-110/2001 | ||
| 020 | _a8481644552 | ||
| 040 |
_aMx-PuUPA _bspa _cMx-PuUPA _dMx-PuUPA _erda |
||
| 041 | 1 |
_aspa _hfre |
|
| 100 | 1 |
_aWeil, Simone, _d1909-1943 _eautor _917241 |
|
| 240 | 1 | 0 |
_aCahiers. _nEspañol |
| 245 | 1 | 0 |
_aCuadernos / _cSimone Weil ; traducción, comentarios y notas, Carlos Ortega |
| 264 | 1 |
_aMadrid, Español : _bEditorial Trotta, _c2001 |
|
| 300 |
_a858 páginas : _bilustraciones (blanco y negro) ; _c23 cm |
||
| 336 |
_2rdacontent _atexto _btxt |
||
| 337 |
_2rdamedia _asin medio _bn |
||
| 338 |
_2rdacarrier _avolumen _bnc |
||
| 490 | 0 | _aColección Estructuras y Procesos | |
| 490 | 0 | _aReligión | |
| 546 | _aAlgunos fragmentos en inglés, griego clásico, latín y francés. | ||
| 600 | 1 | 0 |
_aWeil, Simone _y1909-1943 _vCuadernos de notas, apuntes, etc. |
| 650 | 7 |
_2armarc _aFilosofía _xEnsayos |
|
| 650 | 7 |
_2armarc _aFilosofía francesa _zSiglo XX |
|
| 650 | 7 |
_2armarc _aFilosofías francesas _vBiografías |
|
| 655 | 4 | _aCuadernos de notas, apuntes, etc. | |
| 700 | 1 |
_aOrtega, Carlos, _etraductor _eautor de comentarios _eautor de notas |
|
| 765 | 1 |
_aWeil, Simone _tCahiers _dLibrairie Plon, ©2001 |
|
| 942 |
_2ddc _cLI _h194.0904 _iS5818 |
||
| 999 |
_c25125 _d25125 |
||